[Event "18th EUR-ch (w)"]
[Site "Riga LAT"]
[Date "2017.04.15"]
[Round "5.70"]
[White "Golsta, Ramona"]
[Black "Norlamo, Sarabella"]
[Result "1-0"]
[WhiteElo "1560"]
[BlackElo "1619"]
[EventDate "2017.04.11"]
[PlyCount "67"]

1.d4 Nf6 2.Nf3 d5 3.Bg5 Ne4 4.Bh4 c6 5.e3 Bf5 6.Be2 Qb6 7.Qc1 Nd7 8.O-O e6
9.b3 Rc8 10.c4 Ndf6 11.Ne5 g5 12.Bg3 Nxg3 13.hxg3 h6 14.Nd2 Bg7 15.Qd1 Qc7
16.Rc1 Nd7 17.f4 Nxe5 18.fxe5 Bg6 19.Bh5 Bxh5 20.Qxh5 Qd7 21.Rcd1 Rd8 22.
Nf3 Qe7 23.Nh2 Rd7 24.Ng4 Rc7 25.Rd2 Qf8 26.Rdf2 Re7 27.cxd5 cxd5 28.Rc2 
Kd7 29.Rfc1 Qd8 30.Nf6+ Bxf6 31.exf6 Ree8 32.Qxf7+ Kd6 33.Qxb7 Qb8 34.Rc6#
1-0

[Event "18th EUR-ch (w)"]
[Site "Riga LAT"]
[Date "2017.04.15"]
[Round "5.71"]
[White "Atte, Rebeka"]
[Black "Mieze, Natalja"]
[Result "1-0"]
[WhiteElo "1498"]
[BlackElo "1223"]
[EventDate "2017.04.11"]
[PlyCount "55"]

1.Nf3 c5 2.c4 Nc6 3.Nc3 e6 4.e4 Nd4 5.Nxd4 cxd4 6.Nb5 e5 7.f4 a6 8.Na3 
exf4 9.Qg4 g5 10.Nc2 h5 11.Qf3 Bc5 12.b3 d6 13.h3 Rb8 14.Bb2 Qf6 15.d3 g4 
16.Qe2 g3 17.O-O-O Kf8 18.Re1 Qh6 19.Kb1 f6 20.Bxd4 Bd7 21.Qf3 Bxd4 22.
Nxd4 Ne7 23.Be2 Qg5 24.Bd1 b5 25.Rhf1 Ng6 26.Bc2 a5 27.cxb5 Bxb5 28.Ne6+ 
1-0

[Event "18th EUR-ch (w)"]
[Site "Riga LAT"]
[Date "2017.04.16"]
[Round "6.1"]
[White "Goriachkina, Alexandra"]
[Black "Lagno, Kateryna"]
[Result "1/2-1/2"]
[WhiteElo "2452"]
[BlackElo "2543"]
[EventDate "2017.04.11"]
[PlyCount "125"]

1.d4 d6 2.e4 Nf6 3.Nc3 g6 4.f4 Bg7 5.Nf3 O-O 6.Bd3 Na6 7.O-O c5 8.d5 Bg4 
9.Qe2 Nc7 10.a4 e6 11.h3 Bxf3 12.Qxf3 exd5 13.exd5 Nd7 14.Bd2 f5 15.Rae1 
a6 16.b3 b6 17.Kh1 Rb8 18.g4 fxg4 19.Qxg4 b5 20.axb5 axb5 21.Ne4 Nf6 22.
Nxf6+ Qxf6 23.f5 Qd4 24.Qg2 Kh8 25.fxg6 c4 26.Be4 Rxf1+ 27.Rxf1 Re8 28.Bf3
hxg6 29.Ba5 Qa7 30.Bb4 cxb3 31.cxb3 Qd4 32.Bxd6 Nxd5 33.Rd1 Nf4 34.Qg4 Qf6
35.Bxf4 Rf8 36.Be4 Qxf4 37.Qxg6 Qh4 38.Qg4 Qh6 39.Bf3 Be5 40.Re1 Rg8 41.
Qh5 Qxh5 42.Bxh5 Bc3 43.Re3 b4 44.Bg4 Kg7 45.Kg2 Kh6 46.Re6+ Rg6 47.Re8 
Rd6 48.Kf3 Rd3+ 49.Ke4 Rd4+ 50.Ke3 Rd5 51.Rc8 Kg5 52.Rg8+ Kh4 53.Rg6 Rd8 
54.Rc6 Re8+ 55.Kf3 Rf8+ 56.Ke4 Re8+ 57.Kd5 Re5+ 58.Kd6 Kg3 59.Be6 Re4 60.
Rc8 Rd4+ 61.Ke7 Rf4 62.Bg4 Kh4 63.Be6 1/2-1/2

[Event "18th EUR-ch (w)"]
[Site "Riga LAT"]
[Date "2017.04.16"]
[Round "6.2"]
[White "Muzychuk, Maria"]
[Black "Danielian, Elina"]
[Result "1/2-1/2"]
[WhiteElo "2546"]
[BlackElo "2437"]
[EventDate "2017.04.11"]
[PlyCount "67"]

1.d4 Nf6 2.c4 e6 3.g3 Bb4+ 4.Bd2 Be7 5.Bg2 d5 6.Nf3 O-O 7.O-O c6 8.Qc2 b6 
9.Rd1 Bb7 10.Ne5 Nfd7 11.Bc3 Nxe5 12.dxe5 Qc7 13.Nd2 Nd7 14.cxd5 cxd5 15.
Rac1 Rac8 16.Nf3 Qb8 17.e3 Nc5 18.Ne1 Ne4 19.Bxe4 dxe4 20.Qe2 Rfd8 21.Nc2 
Bd5 22.a3 h6 23.Nd4 Qb7 24.Qg4 Qa6 25.Ne2 Bc4 26.Nf4 Bg5 27.Rd6 Bxf4 28.
Qxf4 Bd5 29.Qh4 Re8 30.Qg4 Rc7 31.Rd1 Qb5 32.Rd4 Qb3 33.Qd1 Qxd1+ 34.Rxd1 
1/2-1/2

[Event "18th EUR-ch (w)"]
[Site "Riga LAT"]
[Date "2017.04.16"]
[Round "6.4"]
[White "Pahtz, Elisabeth"]
[Black "Zimina, Olga"]
[Result "1/2-1/2"]
[WhiteElo "2454"]
[BlackElo "2395"]
[EventDate "2017.04.11"]
[PlyCount "83"]

1.d4 Nf6 2.c4 g6 3.Nc3 Bg7 4.e4 d6 5.Be2 O-O 6.Be3 e5 7.d5 c6 8.h4 cxd5 9.
cxd5 Qa5 10.Qd2 Nbd7 11.h5 Nc5 12.h6 Bh8 13.Rb1 Qd8 14.f3 Nh5 15.b4 Na6 
16.Bxa6 bxa6 17.Nge2 f5 18.exf5 Bxf5 19.Rb3 Nf4 20.O-O g5 21.Ne4 Bxe4 22.
fxe4 Qf6 23.Bxf4 exf4 24.Rg3 Qxh6 25.Rxf4 Bf6 26.Rf5 Kh8 27.Nd4 Qh4 28.
Rgf3 g4 29.R3f4 Rac8 30.Nc6 Bg7 31.Rxf8+ Rxf8 32.Rxf8+ Bxf8 33.Qf2 Qh6 34.
g3 Qc1+ 35.Kg2 Bg7 36.Qe2 h5 37.a4 Kh7 38.Qf2 Kh8 39.Qe2 Qa1 40.b5 axb5 
41.axb5 Bd4 42.Nxd4 1/2-1/2

[Event "18th EUR-ch (w)"]
[Site "Riga LAT"]
[Date "2017.04.16"]
[Round "6.5"]
[White "Zhukova, Natalia"]
[Black "Khotenashvili, Bela"]
[Result "1/2-1/2"]
[WhiteElo "2438"]
[BlackElo "2445"]
[EventDate "2017.04.11"]
[PlyCount "34"]

1.d4 Nf6 2.c4 d6 3.Nc3 Bf5 4.g3 g6 5.Bg2 c6 6.e4 Bg4 7.f3 Bc8 8.Be3 Bg7 9.
Qd2 Na6 10.Nge2 O-O 11.Rd1 Qc7 12.O-O e5 13.d5 cxd5 14.cxd5 Bd7 15.Rc1 Qa5
16.a3 Rfc8 17.Rc2 h5 1/2-1/2

[Event "18th EUR-ch (w)"]
[Site "Riga LAT"]
[Date "2017.04.16"]
[Round "6.6"]
[White "Hoolt, Sarah"]
[Black "Muzychuk, Anna"]
[Result "0-1"]
[WhiteElo "2398"]
[BlackElo "2587"]
[EventDate "2017.04.11"]
[PlyCount "102"]

1.e4 e5 2.Nf3 Nc6 3.Bc4 Bc5 4.d3 Nf6 5.Bb3 O-O 6.O-O h6 7.Nbd2 d6 8.c3 a5 
9.h3 Be6 10.Ba4 Qb8 11.Bxc6 bxc6 12.d4 exd4 13.cxd4 Bb4 14.Qc2 Qb5 15.Re1 
Rfe8 16.Re3 a4 17.a3 Ba5 18.Qd3 Rab8 19.Qxb5 Rxb5 20.Nf1 Bb3 21.Ng3 Bc2 
22.Bd2 Bxd2 23.Nxd2 Rxb2 24.Nc4 Rb3 25.Rae1 Rxe3 26.Rxe3 Bxe4 27.Nb2 Bc2 
28.Rxe8+ Nxe8 29.Ne2 d5 30.Nc3 Nd6 31.Nbxa4 Bxa4 32.Nxa4 Nb5 33.Nc5 Nxa3 
34.Kf1 Nb5 35.Nb3 Kf8 36.Ke2 Ke7 37.Ke3 Nd6 38.Nc5 Ne4 39.Nb7 Ng5 40.h4 
Ne6 41.f4 f5 42.g3 g6 43.Kd3 Kd7 44.Ke3 c5 45.Nxc5+ Nxc5 46.dxc5 Kc6 47.h5
gxh5 48.Kd4 h4 49.gxh4 h5 50.Ke5 Kxc5 51.Kxf5 d4 0-1

[Event "18th EUR-ch (w)"]
[Site "Riga LAT"]
[Date "2017.04.16"]
[Round "6.7"]
[White "Batsiashvili, Nino"]
[Black "Nechaeva, Marina"]
[Result "1/2-1/2"]
[WhiteElo "2496"]
[BlackElo "2395"]
[EventDate "2017.04.11"]
[PlyCount "88"]

1.d4 d5 2.c4 c6 3.Nc3 Nf6 4.e3 e6 5.Nf3 Nbd7 6.Qc2 b6 7.Bd3 Bb7 8.O-O Be7 
9.b3 O-O 10.Bb2 h6 11.Rac1 Rc8 12.Qe2 Qc7 13.cxd5 exd5 14.Nh4 Rfe8 15.f4 
Qb8 16.Nf3 c5 17.Ne5 cxd4 18.exd4 Bb4 19.Bf5 Rc7 20.Qb5 Bxc3 21.Rxc3 Rxc3 
22.Bxc3 Nf8 23.Bb2 Ne6 24.a4 Rd8 25.Qd3 Qd6 26.g4 Ne4 27.g5 Nf8 28.Qe3 Bc8
29.Qh3 Bxf5 30.Qxf5 f6 31.gxf6 Qxf6 32.Qxf6 gxf6 33.Ng4 Rc8 34.Ne3 Nd2 35.
Rf2 Nxb3 36.Nxd5 Kf7 37.Ne3 Ne6 38.d5 Nec5 39.Nf5 Rd8 40.Nxh6+ Kg6 41.Ng4 
Rxd5 42.Nxf6 Rd1+ 43.Rf1 Rxf1+ 44.Kxf1 Nd3 1/2-1/2

[Event "18th EUR-ch (w)"]
[Site "Riga LAT"]
[Date "2017.04.16"]
[Round "6.9"]
[White "Bulmaga, Irina"]
[Black "Socko, Monika"]
[Result "0-1"]
[WhiteElo "2394"]
[BlackElo "2462"]
[EventDate "2017.04.11"]
[PlyCount "154"]

1.e4 e6 2.d4 d5 3.Nc3 Nf6 4.Bg5 Bb4 5.e5 h6 6.Bh4 g5 7.Bg3 Ne4 8.Ne2 c5 9.
a3 Bxc3+ 10.Nxc3 Nxc3 11.bxc3 Qa5 12.Qd2 Bd7 13.Bd3 Bb5 14.O-O Nc6 15.Bxb5
Qxb5 16.f4 g4 17.Bh4 cxd4 18.cxd4 Qc4 19.Rad1 Kd7 20.f5 Rae8 21.fxe6+ fxe6
22.Rf7+ Kc8 23.Bf6 Rhg8 24.Rb1 b6 25.c3 Kb8 26.Qb2 Ka8 27.a4 Rb8 28.Bh4 h5
29.Rf6 Rge8 30.Qa3 Qd3 31.Ra1 Rbc8 32.Be1 Na5 33.Qa2 h4 34.Qf2 Nb3 35.Ra2 
g3 36.Qe2 Qh7 37.Rb2 Na5 38.Qc2 Qd7 39.hxg3 hxg3 40.Bxg3 Nc4 41.Ra2 Rg8 
42.Rf3 Rg4 43.Qf2 Qh7 44.Ra1 Rc7 45.Rf1 Qg6 46.Bh2 Rg7 47.Rf8+ Kb7 48.Rf7+
Ka6 49.Rxg7 Qxg7 50.Bf4 Qh7 51.g3 Rg8 52.Qg2 Qd3 53.Rc1 Rf8 54.Qf1 Qe4 55.
Qf2 Qd3 56.Qf1 Qe4 57.Qf2 Ka5 58.Re1 Qd3 59.Rc1 Rf7 60.Qf1 Qxf1+ 61.Rxf1 
Kxa4 62.g4 Rg7 63.g5 Kb3 64.Kg2 a5 65.Kg3 a4 66.Kg4 a3 67.Kh5 a2 68.Kh6 
Ra7 69.g6 a1=Q 70.Rxa1 Rxa1 71.g7 Ra8 72.Kh7 Kxc3 73.g8=Q Rxg8 74.Kxg8 
Kxd4 75.Kf7 Nxe5+ 76.Kxe6 Nd3 77.Bg3 b5 0-1

[Event "18th EUR-ch (w)"]
[Site "Riga LAT"]
[Date "2017.04.16"]
[Round "6.12"]
[White "Gara, Anita"]
[Black "Cramling, Pia"]
[Result "1/2-1/2"]
[WhiteElo "2354"]
[BlackElo "2452"]
[EventDate "2017.04.11"]
[PlyCount "161"]

1.e4 c5 2.c3 b6 3.d4 Bb7 4.Nd2 cxd4 5.cxd4 Nf6 6.Bd3 Nc6 7.Ne2 e5 8.d5 Nb4
9.Bb1 a5 10.a3 Na6 11.O-O Bc5 12.Nb3 a4 13.Nxc5 Nxc5 14.f4 O-O 15.fxe5 
Nfxe4 16.Be3 f6 17.Rf4 f5 18.Bxc5 Nxc5 19.Bc2 Qe7 20.Qd4 Rae8 21.Nc3 Qxe5 
22.Qxe5 Rxe5 23.Rd1 Ba6 24.Nxa4 Re2 25.Nxc5 bxc5 26.Rf2 d6 27.Rxe2 Bxe2 
28.Rd2 Bb5 29.Bd3 Bxd3 30.Rxd3 Rb8 31.b3 Kf7 32.Re3 f4 33.Re6 Rxb3 34.Rxd6
Rxa3 35.Rc6 Rc3 36.Kf2 g5 37.h3 c4 38.Rc7+ Kg6 39.d6 Rd3 40.Rxc4 Rxd6 41.
g3 fxg3+ 42.Kxg3 Rd3+ 43.Kg2 h5 44.Rc5 Rd2+ 45.Kg1 Rd4 46.Kg2 Kf6 47.Ra5 
Re4 48.Kf3 Re5 49.Ra6+ Re6 50.Ra5 Rc6 51.Rb5 Rd6 52.Ra5 Rb6 53.Rc5 Rb3+ 
54.Kg2 Rb2+ 55.Kg1 h4 56.Ra5 Re2 57.Rb5 Re5 58.Rb4 Kf5 59.Kf2 Rd5 60.Ra4 
Rd2+ 61.Kg1 Re2 62.Rb4 Re4 63.Rb8 Ra4 64.Rf8+ Ke4 65.Rf7 Ra3 66.Kg2 Rg3+ 
67.Kh2 Rf3 68.Rg7 Kf4 69.Kg2 Rg3+ 70.Kh2 Re3 71.Rf7+ Ke4 72.Kg2 Rg3+ 73.
Kh2 Rf3 74.Rg7 Rf5 75.Kg2 Ke3 76.Re7+ Kf4 77.Kf2 Ra5 78.Rf7+ Ke4 79.Re7+ 
Re5 80.Rxe5+ Kxe5 81.Ke3 1/2-1/2

[Event "18th EUR-ch (w)"]
[Site "Riga LAT"]
[Date "2017.04.16"]
[Round "6.13"]
[White "Fatalieva, Ulviyya"]
[Black "Zawadzka, Jolanta"]
[Result "1/2-1/2"]
[WhiteElo "2287"]
[BlackElo "2449"]
[EventDate "2017.04.11"]
[PlyCount "231"]

1.e4 c5 2.Nf3 Nc6 3.d4 cxd4 4.Nxd4 e6 5.Nc3 Qc7 6.Be3 a6 7.Bd3 Nf6 8.O-O 
Nxd4 9.Bxd4 Bc5 10.Bxc5 Qxc5 11.Na4 Qc6 12.c4 d6 13.b4 O-O 14.Rc1 Bd7 15.
Nc3 a5 16.b5 Qc7 17.Na4 Rad8 18.f4 Bc8 19.c5 dxc5 20.Nxc5 e5 21.Kh1 Qd6 
22.Be2 Qb8 23.Qe1 exf4 24.Nd3 Nxe4 25.Rxf4 f5 26.Rf1 Rd6 27.Nf4 Rh6 28.
Bc4+ Kh8 29.b6 Qe5 30.Bb3 Bd7 31.Bd5 Re8 32.Bf7 Re7 33.Bc4 g5 34.Nh3 Bc6 
35.Qe3 f4 36.Qd3 Rd6 37.Qa3 Rd2 38.Rce1 h6 39.Be2 Ng3+ 40.hxg3 Rxe2 41.
Rxe2 Qxe2 42.Rf2 Qe3 43.Qd6 Qe1+ 44.Kh2 fxg3+ 45.Qxg3 Qe5 46.Rd2 Kg7 47.
Ng1 Qxg3+ 48.Kxg3 Re6 49.Ne2 Kg6 50.Rb2 Re4 51.Kf2 h5 52.a3 Rc4 53.Rd2 Kf6
54.Rd6+ Ke5 55.Rg6 g4 56.Rg5+ Ke4 57.Rxh5 Rc2 58.Ke1 Kd3 59.Re5 Be4 60.Ng3
Bxg2 61.Rxa5 Bf3 62.Rb5 Rg2 63.Nf5 Re2+ 64.Kf1 Ra2 65.Rb3+ Ke4 66.Nh4 Be2+
67.Ke1 Bc4 68.Rg3 Kf4 69.Rc3 Bd5 70.Ng6+ Ke4 71.Ne7 Be6 72.Kf1 Rb2 73.Nc8 
Kf4 74.Ne7 Rxb6 75.Ng6+ Kf5 76.Nh4+ Kg5 77.Ng2 Rb5 78.Re3 Rf5+ 79.Kg1 Bd5 
80.Re7 Kf6 81.Rd7 Bc6 82.Rd6+ Kg5 83.Rd8 Rf6 84.Rg8+ Rg6 85.Rf8 Re6 86.
Rg8+ Kf5 87.Rf8+ Ke5 88.Ne3 Rg6 89.Rh8 Kf4 90.Nf1 Rd6 91.Rf8+ Ke5 92.Ne3 
Rd4 93.Rg8 Bf3 94.Kf2 Ra4 95.Kg3 Ke6 96.Re8+ Kd7 97.Re5 Kc7 98.Rc5+ Kb6 
99.Rc3 Rd4 100.Nc4+ Ka6 101.Ne3 b5 102.Nf5 Rc4 103.Rb3 Rc1 104.Nd4 Rg1+ 
105.Kf4 Bd1 106.Rxb5 Rf1+ 107.Kg3 Re1 108.Rg5 Re3+ 109.Kf2 Rxa3 110.Nf5 
Kb6 111.Ne3 Ra2+ 112.Kg3 Bf3 113.Nxg4 Bxg4 114.Kxg4 Rg2+ 115.Kf5 Rxg5+ 
116.Kxg5 1/2-1/2

[Event "18th EUR-ch (w)"]
[Site "Riga LAT"]
[Date "2017.04.16"]
[Round "6.14"]
[White "Galliamova, Alisa"]
[Black "Kovanova, Baira"]
[Result "1/2-1/2"]
[WhiteElo "2444"]
[BlackElo "2376"]
[EventDate "2017.04.11"]
[PlyCount "133"]

1.d4 Nf6 2.Nf3 e6 3.Bf4 b6 4.e3 Bb7 5.Bd3 Be7 6.Nc3 Nh5 7.Bg3 d6 8.Qe2 h6 
9.e4 Nxg3 10.hxg3 c5 11.d5 e5 12.Nd1 a6 13.a4 g6 14.g4 Bf6 15.Ne3 Nd7 16.
g3 Bg7 17.Kf1 Nf6 18.Kg2 Qd7 19.Nd2 h5 20.gxh5 Rxh5 21.Rxh5 Nxh5 22.Ra3 
Bc8 23.Rb3 Qc7 24.Ra3 Qd7 25.Kg1 Bh6 26.c3 Rb8 27.b3 Ra8 28.Ra1 Kd8 29.
Ndc4 Rb8 30.Nd2 Ra8 31.Ndc4 Rb8 32.Rb1 Nf6 33.b4 cxb4 34.cxb4 Ke7 35.a5 b5
36.Nb6 Qb7 37.Rc1 Nd7 38.Rc6 Nxb6 39.Rxb6 Qa7 40.Rxb8 Qxb8 41.Nc2 Qc7 42.
Qe1 Bg4 43.Kg2 Qc8 44.f3 Bh3+ 45.Kf2 Bd7 46.Ke2 Bg5 47.Qf2 Qc3 48.Qe1 Qb3 
49.g4 Qb2 50.Qa1 Qxa1 51.Nxa1 Bc1 52.Nc2 Kf6 53.Kd1 Bb2 54.Kd2 Kg5 55.Ke3 
Bc1+ 56.Ke2 Kf4 57.Ne1 Bb2 58.Ng2+ Kg3 59.Ne3 Bc3 60.Nc2 Kf4 61.Kf2 Bc8 
62.Bf1 Bb7 63.Bh3 Bc8 64.Kg2 Bd7 65.Kf2 Bc8 66.Kg2 Bd7 67.Kf2 1/2-1/2

[Event "18th EUR-ch (w)"]
[Site "Riga LAT"]
[Date "2017.04.16"]
[Round "6.16"]
[White "Gaponenko, Inna"]
[Black "Arakhamia-Grant, Ketevan"]
[Result "1/2-1/2"]
[WhiteElo "2416"]
[BlackElo "2374"]
[EventDate "2017.04.11"]
[PlyCount "140"]

1.e4 c5 2.Nf3 e6 3.c3 d5 4.exd5 Qxd5 5.d4 Nf6 6.Bd3 Be7 7.O-O O-O 8.Qe2 b6
9.Bg5 Bb7 10.c4 Qd8 11.dxc5 bxc5 12.Nc3 Nbd7 13.Rad1 Qc7 14.Rfe1 Rfe8 15.
Bh4 a6 16.Bg3 Qc6 17.Bc2 Red8 18.Ba4 Qb6 19.Bxd7 Nxd7 20.Nd5 exd5 21.Qxe7 
d4 22.Ng5 Qf6 23.Bc7 Rdc8 24.Qxd7 Qxg5 25.Bg3 Bc6 26.Qd6 f6 27.Re7 h5 28.
h4 Qf5 29.b4 Ba4 30.Rd2 cxb4 31.Qxb4 Bc6 32.Rxd4 Re8 33.Kh2 Rxe7 34.Qxe7 
Re8 35.Qc7 Re6 36.Qc8+ Kf7 37.a3 Qc5 38.Rd8 Qe7 39.Rh8 Be8 40.Rxh5 Rc6 41.
Qg4 Qe6 42.Qxe6+ Kxe6 43.Rd5 Rxc4 44.Rd6+ Kf5 45.Rxa6 Ra4 46.Rxa4 Bxa4 47.
f3 g6 48.Bc7 Ke6 49.Kg3 Bb5 50.Kf4 Bf1 51.g3 Bb5 52.Bd8 Bc6 53.g4 Kf7 54.
h5 gxh5 55.gxh5 Kg7 56.Kg3 Kh6 57.Bxf6 Kxh5 58.Kf4 Kg6 59.Be5 Kf7 60.Ke3 
Ke6 61.f4 Kd5 62.Kd3 Bd7 63.Kc3 Kc5 64.Kb3 Kb5 65.a4+ Ka5 66.Bc3+ Ka6 67.
Kb4 Kb7 68.a5 Bf5 69.Kb5 Bd3+ 70.Kc5 Bf5 1/2-1/2

[Event "18th EUR-ch (w)"]
[Site "Riga LAT"]
[Date "2017.04.16"]
[Round "6.17"]
[White "Vega Gutierrez, Sabrina"]
[Black "Arabidze, Meri"]
[Result "1/2-1/2"]
[WhiteElo "2413"]
[BlackElo "2373"]
[EventDate "2017.04.11"]
[PlyCount "89"]

1.d4 d5 2.c4 Nc6 3.Nc3 Nf6 4.Nf3 dxc4 5.e4 Bg4 6.Bxc4 e6 7.Bb5 Bxf3 8.gxf3
a6 9.Bxc6+ bxc6 10.Qa4 Qd7 11.Be3 Be7 12.O-O O-O 13.Rfd1 Rfb8 14.Rd2 Rb4 
15.Qd1 Nh5 16.f4 g6 17.a3 Rbb8 18.Rc1 Qd6 19.Qf3 Rb3 20.e5 Qd7 21.Na4 Qd5 
22.Qxd5 cxd5 23.Rxc7 Kf8 24.Rdc2 Ke8 25.Rc8+ Rxc8 26.Rxc8+ Kd7 27.Ra8 Ng7 
28.Ra7+ Ke8 29.Ra8+ Kd7 30.Ra7+ Ke8 31.Rxa6 Nf5 32.Rb6 Rd3 33.Nc3 Bxa3 34.
bxa3 Nxe3 35.fxe3 Rxc3 36.a4 Ra3 37.Rb4 Rxe3 38.Kf2 Rh3 39.Kg2 Ra3 40.h4 
Kd7 41.Rb7+ Ke8 42.Rb8+ Ke7 43.Rb4 Kd7 44.Rb7+ Ke8 45.Rb8+ 1/2-1/2

[Event "18th EUR-ch (w)"]
[Site "Riga LAT"]
[Date "2017.04.16"]
[Round "6.18"]
[White "Pustovoitova, Daria"]
[Black "Mamedyarova, Zeinab"]
[Result "1-0"]
[WhiteElo "2411"]
[BlackElo "2322"]
[EventDate "2017.04.11"]
[PlyCount "119"]

1.d4 d5 2.c4 dxc4 3.Nf3 Nf6 4.e3 e6 5.Bxc4 c5 6.O-O a6 7.dxc5 Qxd1 8.Rxd1 
Bxc5 9.Be2 Nc6 10.Nbd2 O-O 11.Ne1 Rd8 12.Nd3 Bd6 13.Nc4 Bc7 14.a4 e5 15.
Bd2 e4 16.Nc5 b6 17.Nb3 Be6 18.Bc3 Nd5 19.Bd4 Ndb4 20.Rac1 Nd3 21.Bxd3 
exd3 22.Ncd2 Bd5 23.Rc3 Nxd4 24.Nxd4 Be5 25.Rxd3 Bf6 26.f3 g6 27.Kf2 Bc6 
28.b3 b5 29.axb5 Bxb5 30.Nc4 Bxc4 31.bxc4 Rac8 32.Rc3 Rc7 33.Ke2 Rcd7 34.
c5 Bxd4 35.Rcd3 Re8 36.Rxd4 Rde7 37.e4 f5 38.Ke3 fxe4 39.fxe4 Kf7 40.Rf1+ 
Kg7 41.c6 Rc7 42.Rc1 Kf7 43.Rd6 Ke7 44.e5 Rb8 45.Ke4 a5 46.Kd5 a4 47.Re6+ 
Kf7 48.Kd6 Rbc8 49.Rf6+ Ke8 50.Rf3 Re7 51.e6 Rd8+ 52.Ke5 Ra7 53.c7 Ra5+ 
54.Kf6 Rc8 55.g4 Ra7 56.Ra3 h5 57.h3 hxg4 58.hxg4 Kf8 59.Rh3 Kg8 60.Rch1 
1-0

[Event "18th EUR-ch (w)"]
[Site "Riga LAT"]
[Date "2017.04.16"]
[Round "6.19"]
[White "Cosma, Elena-Luminita"]
[Black "Stefanova, Antoaneta"]
[Result "1/2-1/2"]
[WhiteElo "2316"]
[BlackElo "2527"]
[EventDate "2017.04.11"]
[PlyCount "121"]

1.d4 Nf6 2.Nf3 g6 3.g3 Bg7 4.Bg2 d5 5.O-O O-O 6.c4 c6 7.b3 dxc4 8.bxc4 c5 
9.Bb2 cxd4 10.Nxd4 Qb6 11.Qb3 Nfd7 12.e3 e5 13.Nc2 Nc6 14.Nba3 Na5 15.Qb4 
Qxb4 16.Nxb4 Nb6 17.Rac1 Be6 18.Nd5 Rfd8 19.Nc7 Rac8 20.Nxe6 fxe6 21.Rc2 
Bf8 22.Nb1 Rxc4 23.Re2 Bg7 24.Nc3 h6 25.h4 Rdc8 26.Ne4 Rc2 27.Rfe1 Rxe2 
28.Rxe2 Nac4 29.Bc3 Nd5 30.Be1 Na3 31.Nd6 Rc1 32.Kh2 b6 33.Bh3 Nc7 34.Bb4 
Nb1 35.Nc8 Kf7 36.Nd6+ Kf6 37.Ne4+ Kf7 38.Nd6+ Kg8 39.Nc8 a5 40.Be1 a4 41.
Nxb6 a3 42.Bb4 Rc6 43.Nc8 Nd5 44.Ne7+ Nxe7 45.Bxe7 Kf7 46.Re1 Rc2 47.Kg2 
Rb2 48.Bc5 Nc3 49.Bxa3 Rxa2 50.Bb4 Nd5 51.Bc5 Rc2 52.Ba7 e4 53.Rb1 Bb2 54.
Bg4 Nc3 55.Rh1 h5 56.Bd1 Rd2 57.Bb3 Nb5 58.Bc5 Kf6 59.Rd1 Rxd1 60.Bxd1 Ba3
61.Be2 1/2-1/2

[Event "18th EUR-ch (w)"]
[Site "Riga LAT"]
[Date "2017.04.16"]
[Round "6.20"]
[White "Berzina, Ilze"]
[Black "Pogonina, Natalia"]
[Result "1/2-1/2"]
[WhiteElo "2297"]
[BlackElo "2478"]
[EventDate "2017.04.11"]
[PlyCount "105"]

1.e4 e5 2.Nf3 Nc6 3.Bb5 a6 4.Ba4 Nf6 5.O-O b5 6.Bb3 Bb7 7.d3 Be7 8.Nc3 O-O
9.Bd2 d6 10.Nd5 Nxd5 11.Bxd5 Qc8 12.Re1 Bf6 13.c3 Ne7 14.Bxb7 Qxb7 15.d4 
Ng6 16.Qc2 Rfe8 17.dxe5 Nxe5 18.Nxe5 Rxe5 19.Bf4 Re7 20.Re3 Rae8 21.Rae1 
a5 22.h3 g6 23.R3e2 Qc6 24.Qd3 a4 25.a3 Re6 26.Bg3 Bg7 27.Bf4 h6 28.f3 Qb7
29.Kf1 g5 30.Bg3 Be5 31.Bxe5 Rxe5 32.Kg1 R8e6 33.Kh2 Qc6 34.g3 d5 35.exd5 
Rxd5 36.Qc2 Rf6 37.Qe4 Qd6 38.Qe8+ Kg7 39.Qe4 Rd3 40.Kg2 Re6 41.Qg4 Rd2 
42.Kf2 c5 43.f4 Rexe2+ 44.Rxe2 Rd5 45.fxg5 hxg5 46.Kg2 Qg6 47.Rf2 Re5 48.
Kh2 Qd6 49.Qf3 Qe7 50.Qg4 Re4 51.Qf3 Re5 52.Qg4 Re4 53.Qf3 1/2-1/2

[Event "18th EUR-ch (w)"]
[Site "Riga LAT"]
[Date "2017.04.16"]
[Round "6.22"]
[White "Zaksaite, Salomeja"]
[Black "Szczepkowska, Karina"]
[Result "1/2-1/2"]
[WhiteElo "2262"]
[BlackElo "2414"]
[EventDate "2017.04.11"]
[PlyCount "104"]

1.e4 e5 2.Nf3 Nc6 3.Bc4 Bc5 4.c3 Nf6 5.d4 exd4 6.cxd4 Bb4+ 7.Bd2 Bxd2+ 8.
Nbxd2 d5 9.exd5 Nxd5 10.Qb3 Nce7 11.O-O O-O 12.Ne5 c6 13.Ne4 f6 14.Nf3 Kh8
15.Rfe1 b6 16.Rac1 Nf4 17.Qa3 b5 18.Bf1 Nfd5 19.h3 a5 20.Qc5 Bf5 21.Nc3 
Rc8 22.Nd2 a4 23.Nde4 Bxe4 24.Nxe4 Nf5 25.Be2 Rc7 26.Nc3 Nxc3 27.bxc3 Nd6 
28.Bg4 f5 29.Bf3 Qf6 30.d5 Ne4 31.Bxe4 fxe4 32.Rxe4 cxd5 33.Qxd5 Qxf2+ 34.
Kh2 h6 35.Qxb5 a3 36.Qe2 Rb7 37.Rc2 Qf7 38.c4 Rb1 39.c5 Qc7+ 40.g3 Qc6 41.
Qc4 Rff1 42.Qe6 Qxc5 43.Qc8+ Qxc8 44.Rxc8+ Kh7 45.Kg2 Rg1+ 46.Kf3 Rgf1+ 
47.Kg4 Rb6 48.Ra8 Rg6+ 49.Kh4 Rf3 50.Rg4 Rxg4+ 51.Kxg4 Rc3 52.Ra6 Rd3 
1/2-1/2

[Event "18th EUR-ch (w)"]
[Site "Riga LAT"]
[Date "2017.04.16"]
[Round "6.23"]
[White "Melia, Salome"]
[Black "Khomeriki, Nino"]
[Result "1/2-1/2"]
[WhiteElo "2400"]
[BlackElo "2308"]
[EventDate "2017.04.11"]
[PlyCount "89"]

1.e4 e5 2.Nf3 Nc6 3.Bc4 Nf6 4.d3 Be7 5.O-O O-O 6.Re1 d6 7.a4 Na5 8.Ba2 c5 
9.c3 Nc6 10.Nbd2 Be6 11.Nc4 a6 12.Bg5 Nd7 13.Bd2 d5 14.exd5 Bxd5 15.Ncxe5 
Ndxe5 16.Nxe5 Nxe5 17.Rxe5 Bc6 18.Be3 Qd6 19.d4 Rad8 20.Qc2 cxd4 21.Bxd4 
Bf6 22.Rh5 g6 23.Bxf6 Qxf6 24.Rh3 Rd7 25.Bb3 Rfd8 26.Rf1 Rd2 27.Qc1 h5 28.
Bd1 Qf5 29.Re3 Kg7 30.Bf3 Bxa4 31.c4 Rc2 32.Qa1 Bc6 33.Bxc6 bxc6 34.b3+ 
Qf6 35.Rf3 Qxa1 36.Rxa1 Ra2 37.Re1 Rd7 38.h4 Rb7 39.Re8 Ra3 40.Rc8 Raxb3 
41.Rxb3 Rxb3 42.Rxc6 a5 43.Ra6 Rc3 44.Rxa5 Rxc4 45.g3 1/2-1/2

[Event "18th EUR-ch (w)"]
[Site "Riga LAT"]
[Date "2017.04.16"]
[Round "6.24"]
[White "Charochkina, Daria"]
[Black "Abdulla, Khayala"]
[Result "1/2-1/2"]
[WhiteElo "2381"]
[BlackElo "2241"]
[EventDate "2017.04.11"]
[PlyCount "110"]

1.d4 d5 2.Bf4 Nf6 3.e3 e6 4.Nd2 c5 5.c3 Nc6 6.Ngf3 Bd6 7.Bg3 O-O 8.Bb5 Ne7
9.Bd3 c4 10.Bc2 b5 11.Ne5 Qc7 12.h4 Nd7 13.f4 f6 14.Ndf3 Nf5 15.Nxd7 Bxd7 
16.Bf2 Nh6 17.Nh2 Bc6 18.Qh5 Qf7 19.Qxf7+ Nxf7 20.O-O-O b4 21.g4 a5 22.g5 
f5 23.g6 hxg6 24.Rdg1 bxc3 25.bxc3 Ba3+ 26.Kd2 Rfb8 27.Rb1 Nh6 28.Nf3 Ng4 
29.Bg3 Bd6 30.Ng5 Bd7 31.Rxb8+ Rxb8 32.Rb1 Rxb1 33.Bxb1 Kf8 34.Bc2 Ke7 35.
Nf3 Nf6 36.Ne5 Be8 37.Bf2 Bxe5 38.fxe5 Nh7 39.Bg3 g5 40.hxg5 Kf7 41.Ke2 
Nxg5 42.Kf2 Nh7 43.Kg2 g5 44.Be1 Kg6 45.Bd1 Bc6 46.Kh2 Nf8 47.Bd2 Nd7 48.
Bc1 Nb6 49.Ba3 Ba4 50.Bc5 Bxd1 51.Bxb6 a4 52.Kg3 f4+ 53.exf4 g4 54.a3 Kf5 
55.Ba5 Be2 1/2-1/2

[Event "18th EUR-ch (w)"]
[Site "Riga LAT"]
[Date "2017.04.16"]
[Round "6.25"]
[White "Ivanenko, Olga"]
[Black "Savina, Anastasia"]
[Result "1-0"]
[WhiteElo "2252"]
[BlackElo "2378"]
[EventDate "2017.04.11"]
[PlyCount "119"]

1.e4 c5 2.Nf3 e6 3.d4 cxd4 4.Nxd4 a6 5.Nc3 b5 6.Bd3 Qb6 7.Nf3 Qc7 8.O-O 
Bb7 9.Re1 Be7 10.Bd2 Nc6 11.a4 b4 12.Na2 Nf6 13.c3 d5 14.exd5 Nxd5 15.cxb4
Ncxb4 16.Nxb4 Nxb4 17.Rc1 Qd8 18.Be4 Bxe4 19.Rxe4 a5 20.Qe2 Qd3 21.Qxd3 
Nxd3 22.Rc3 Nb4 23.Rc7 Nd5 24.Rb7 O-O 25.Rb5 Bb4 26.Rc4 Rfd8 27.g3 h6 28.
Bxb4 Nxb4 29.Rc7 Rd1+ 30.Kg2 Nd5 31.Rcc5 Ra1 32.b3 Ra2 33.Nd4 g5 34.Rc2 
Rxc2 35.Nxc2 Nc3 36.Rc5 Ne4 37.Rb5 Rd8 38.Kf3 f5 39.g4 Nc3 40.Rxa5 Rd3+ 
41.Kg2 Ne2 42.gxf5 Nf4+ 43.Kf1 Rxb3 44.fxe6 Rb1+ 45.Ne1 Nxe6 46.Ke2 Rb2+ 
47.Kf3 Kg7 48.Nd3 Ra2 49.Ra6 Nd4+ 50.Ke4 Nb3 51.Kd5 Ra3 52.Ne5 Ra2 53.Ra7+
Kg8 54.f3 h5 55.Ke6 g4 56.Kf6 Nc5 57.Ng6 Ne4+ 58.fxe4 Rf2+ 59.Kg5 g3 60.
Kh6 1-0

[Event "18th EUR-ch (w)"]
[Site "Riga LAT"]
[Date "2017.04.16"]
[Round "6.26"]
[White "Semenova, Elena"]
[Black "Babiy, Olga"]
[Result "0-1"]
[WhiteElo "2212"]
[BlackElo "2359"]
[EventDate "2017.04.11"]
[PlyCount "124"]

1.e4 c5 2.Nc3 a6 3.Nf3 e6 4.d4 cxd4 5.Nxd4 Qc7 6.Bd3 Nf6 7.Qe2 Bd6 8.Ndb5 
axb5 9.Nxb5 Qa5+ 10.Bd2 Bb4 11.Bxb4 Qxb4+ 12.c3 Qc5 13.e5 Nd5 14.Nd6+ Kf8 
15.Qf3 f5 16.Bxf5 Nf6 17.O-O-O Qxe5 18.Rhe1 Qc5 19.Bc2 Nc6 20.b4 Qg5+ 21.
Kb1 Ne5 22.Qe2 Nf7 23.f4 Qxf4 24.g3 Qg5 25.Nf5 g6 26.Ne3 Kg7 27.Qf2 Rf8 
28.h4 Qh5 29.Rf1 Qe5 30.Rd4 d5 31.Rf4 Nd6 32.h5 Nf5 33.Re1 Qxc3 34.g4 e5 
35.Nd1 Qg3 36.Rxf5 Qxf2 37.Rxf2 Nxg4 38.Rxf8 Kxf8 39.hxg6 hxg6 40.Bxg6 Ra4
41.Nc3 Rxb4+ 42.Kc2 d4 43.Ne4 Kg7 44.Bh5 Ne3+ 45.Kd3 Be6 46.Rg1+ Kf8 47.
Nc5 Bf5+ 48.Ne4 Ra4 49.Rb1 Rxa2 50.Bf3 Ra3+ 51.Ke2 Nd5 52.Rf1 Ra2+ 53.Kd3 
Ke7 54.Bh1 Ra3+ 55.Kd2 Ra2+ 56.Kd3 Nf4+ 57.Kc4 Be6+ 58.Kc5 Rc2+ 59.Kb6 Bd5
60.Nc5 Bxh1 61.Rxh1 Rb2+ 62.Kc7 Ne6+ 0-1

[Event "18th EUR-ch (w)"]
[Site "Riga LAT"]
[Date "2017.04.16"]
[Round "6.27"]
[White "Mammadova, Gulnar"]
[Black "Petrenko, Svetlana"]
[Result "1/2-1/2"]
[WhiteElo "2357"]
[BlackElo "2136"]
[EventDate "2017.04.11"]
[PlyCount "85"]

1.e4 c5 2.Nf3 d6 3.Bb5+ Nd7 4.a4 e5 5.O-O Be7 6.Nc3 Nf6 7.d3 O-O 8.a5 Nb8 
9.Ne2 a6 10.Bc4 Nc6 11.Bd2 Bg4 12.Ng3 Nd4 13.c3 Nc6 14.h3 Bxf3 15.Qxf3 
Nxa5 16.Ba2 b5 17.Nf5 c4 18.dxc4 bxc4 19.Bh6 Ne8 20.Qg3 Bf6 21.Rfd1 Kh8 
22.Rxd6 Qxd6 23.Nxd6 Nxd6 24.Be3 Rfb8 25.f4 Rb5 26.Rd1 Nab7 27.Bb1 Re8 28.
fxe5 Bxe5 29.Qf2 Ra5 30.Bc2 Ra2 31.Bb1 Ra1 32.Rf1 f6 33.Bd4 a5 34.b3 cxb3 
35.Qb2 Ra4 36.Bxe5 Rxe5 37.Qxb3 Rc4 38.Rd1 h6 39.Rd4 Rc8 40.Rd5 Nc5 41.Qa2
Ncxe4 42.Rxe5 fxe5 43.Qxa5 1/2-1/2